01596cam a22005054i 4500003000900000005001700009008004100026020001500067035002700082040003300109082001700142100003900159245005400198264004800252300003800300336002100338337002500359338002300384504002800407505040200435526001000837526001000847526001000857526001000867526001000877526000900887526000900896526000900905526000900914526000900923526000900932526000900941526000900950526000900959526000900968526000800977526000800985526000800993526000801001526000801009526000801017650002301025650002001048700002201068PE-LiUPU20250731170430.0150623s r 000 0 d a0891077367 a(Sirsi) i9780891077367 aPE-LiUPUbspacPE-LiUPUerda04a177bF342211 aFeinberg, John S.,d1946-,eautor.10aEthics for a brave new world /cJohn S. Feinberg. 1aWheaton, Illinois :bCrossway Books,c1993. a479 páginas ;c23 centímetros atext2rdacontent aunmediated2rdamedia avolume2rdacarrier aIncluye bibliografía.0 aMoral decision-making and the christian. Abortion. Abortion and special problems. Euthanasia. Capital punishment. Sexual morality. Birth control. Homosexuality. Genetic engineering-reproductive technologies. Genetic engineering and genes. Divorce and remarriage. Divorce and remarriage (II). The christian and war:christian faith in a nuclear age. The christian and the secular state. Clonación. aSEG68 aSEG70 aSEG69 aSEG67 aSEG43 aP144 aP143 aP131 aP122 aP120 aP117 aP112 aP110 aP106 aP101 aP80 aP59 aP54 aP35 aP33 aP3004aÉtica cristiana.04aÉtica social.1 aFeinberg, Paul D.